Normal view
MARC view
- ISLAM-TAMBEEH-TUL-GHAFAILEEN
Entry Topical Term
001 - CONTROL NUMBER
- control field: 66512
003 - CONTROL NUMBER IDENTIFIER
- control field: NUST
005 - DATE AND TIME OF LATEST TRANSACTION
- control field: 20210628203614.0
008 - FIXED-LENGTH DATA ELEMENTS
- fixed length control field: 210628|| aca||aabn | a|a d
040 ## - CATALOGING SOURCE
- Original cataloging agency: NUST
- Transcribing agency: NUST
150 ## - HEADING--TOPICAL TERM
- Topical term or geographic name entry element: ISLAM-TAMBEEH-TUL-GHAFAILEEN
670 ## - SOURCE DATA FOUND
- Source citation: Work cat.: (NUST): Nasr Bin Muhammad, Abdul Majeed Anwar 66511, Tambeeh-tul-ghafaileen, 2000
